00865cas a2200169 4500008004100000022001300041035002000054050001600074245002800090260006600118310001200184340001500196362004400211520041300255650001400668650001300682130930n eng u a00199567 a(Sirsi) a180696 aQR 185.2.I5 aInfection and Immunity. aWashington, DC: b American society for microbiology c 1984. aMonthly aPeriodical avol.44, no.1, 1984- vol.64, no.12, 1996 aInfection and immunity is devoted to the advancement and dissemination of fundamental knowledge concerning infections caused by pathogenic bacteria, fungai and unicellular paracites, the ecology and epidemology of pathogenic microbes, virulence factors such as toxines and microbio surface stractures, nonspecific factors in host resistance unsusceptibility to infection and immunolgy of microbio infections. aInfection aImmunity